Tableau périodique des éléments : Éléments par S - Statistiques

Statistiques générales
  • Ce quiz a été pris 579 fois
  • Le résultat moyen est 5 sur 8
Statistiques - réponses
Éléments % Correct
Soufre
94%
Silicium
87%
Sélénium
78%
Sodium
70%
Scandium
63%
Strontium
61%
Samarium
51%
Seaborgium
45%
Aucun quiz correspondant
Distribution des résultats
% des personnes avec chaque résultat
Percentile par nombre de réponses
Votre historique - résultats
Vous n’avez pas pris ce quiz